00896nam a2200217 a 450000500170000000800410001702000240005802000240008204000250010604100080013104400070013908200170014624500980016326000600026130000650032150001380038665000340052465000440055865000320060270000440063420151107085556.0140314b1999 ck ||||| |||| 00| 0 spa d a958698009X (vol. 1) a9586980766 (vol. 2) aCO-BoIAVHcCO-BoIAVH aspa ack04a306.4bSo56s00aSomos patrimonio :b91 experiencia de apropiación social del patrimonio cultural y natural. aSanta Fe de Bogotá:bConvenio Andrés Bello, c1999. a3 volúmenes; 252 páginasbfotografías a color c30 cm. aconcurso internacional experiencias en apropiación social del patrimonio cultural y natural para el desarrollo comunitario (I:1998)16aPatrimonio cultural y natural16aConservación de los bienes culturales16aParticipación comunitaria10aVallejo Londoño, Claudiadcompiladora